|
|
|
|
| LEADER |
00000cam a2200000 7i4500 |
| 001 |
0000000377 |
| 005 |
20090623093000.0 |
| 008 |
090623s1993 my may |
| 020 |
|
|
|a 9836234829
|
| 090 |
0 |
0 |
|a LA1238.7
|b .J8 1993
|
| 100 |
0 |
|
|a Junaidi Abu Bakar ,
|e author
|
| 245 |
1 |
0 |
|a Mahasiswa, politik dan undang-undang
|c Junaidi Abu Bakar
|
| 260 |
2 |
|
|a Kuala Lumpur :
|b Dewan Bahasa dan Pustaka ,
|c 1993
|
| 300 |
|
|
|a xii, 169 p. ;
|c 22 cm.
|
| 504 |
|
|
|a Includes bibliographical references (p.161-166)and index
|
| 610 |
0 |
0 |
|a Malaysia
|c Akta Universiti dan Kolej Universiti, 1971
|
| 650 |
|
0 |
|a College students
|z Malaysia
|x Political activity
|
| 650 |
|
0 |
|a Universities and colleges
|x Law and legislation
|z Malaysia
|
| 999 |
|
|
|a 1000022149
|b Book
|c OPEN SHELF (30 DAYS)
|e Gong Badak Campus
|
| 999 |
|
|
|a 1000022150
|b Book
|c OPEN SHELF (30 DAYS)
|e Gong Badak Campus
|
| 999 |
|
|
|a 1000022151
|b Book
|c OPEN SHELF (30 DAYS)
|e Gong Badak Campus
|
| 999 |
|
|
|a 1000022152
|b Book
|c OPEN SHELF (30 DAYS)
|e Gong Badak Campus
|